| 000 | 00504nam a2200217Ia 4500 | ||
|---|---|---|---|
| 003 | 0100 | ||
| 008 | 130307s9999 xx 000 0 und d | ||
| 020 | _a0205114016 | ||
| 040 | _cARRUPELIB | ||
| 050 | _aBF121 . C34 1988 | ||
| 100 | _aCarlson , Neil R | ||
| 245 | _aDiscovering Psychology | ||
| 260 | _aBoston | ||
| 260 | _bAllyn and Bacon Inc. | ||
| 260 | _c1988 | ||
| 300 | _axviii | ||
| 300 | _b586p. 29cm. | ||
| 650 | _aPSYCHOLOGY | ||
| 650 | _bTeilhard de Chardin, Pierre | ||
| 942 | 0 | 0 | _03 |
| 999 |
_c95214 _d95214 |
||